All 2026-27 English football teams on a map - Statistics

General Stats
  • This quiz has been taken 1,810 times
    74 since last reset
  • The average score is 70 of 92
Answers on the Map
Answers color-coded by a green-red scale on the quiz's map according to % correct below.
 
Answer Stats
Club % Correct
Liverpool
100%
Arsenal
98%
Chelsea
98%
Fulham
98%
Manchester City
98%
Manchester United
98%
Tottenham Hotspur
98%
Everton
96%
West Ham United
96%
Hull City
94%
Newcastle United
94%
Sunderland
94%
Wolverhampton Wanderers
94%
Aston Villa
91%
Leicester City
91%
Southampton
91%
Swansea City
91%
Bournemouth
89%
Brentford
89%
Brighton & Hove Albion
89%
Crystal Palace
89%
Leeds United
89%
Norwich City
89%
Cardiff City
87%
Ipswich Town
87%
Middlesbrough
87%
Birmingham City
85%
Luton Town
85%
Nottingham Forest
85%
Portsmouth
85%
Queens Park Rangers
85%
Sheffield United
85%
Wrexham
85%
Burnley
83%
Derby County
83%
Millwall
83%
Oxford United
83%
Sheffield Wednesday
83%
Bolton Wanderers
81%
Coventry City
81%
Plymouth Argyle
81%
Stoke City
81%
Blackburn Rovers
77%
West Bromwich Albion
77%
Lincoln City
74%
Accrington Stanley
72%
AFC Wimbledon
72%
Barnsley
72%
Grimsby Town
72%
Huddersfield Town
72%
Milton Keynes Dons
72%
Reading
72%
Blackpool
70%
Bristol City
70%
Exeter City
70%
Gillingham
70%
Newport County
70%
Salford City
70%
Crewe Alexandra
68%
Notts County
68%
Watford
68%
York City
68%
Bradford City
66%
Cambridge United
66%
Charlton Athletic
66%
Colchester United
66%
Stockport County
66%
Doncaster Rovers
64%
Preston North End
64%
Wycombe Wanderers
64%
Bristol Rovers
62%
Cheltenham Town
62%
Crawley Town
62%
Peterborough United
62%
Port Vale
62%
Rotherham United
62%
Swindon Town
62%
Wigan Athletic
62%
Leyton Orient
60%
Northampton Town
60%
Walsall
60%
Bromley
57%
Chesterfield
57%
Fleetwood Town
57%
Mansfield Town
55%
Oldham Athletic
55%
Stevenage
55%
Tranmere Rovers
53%
Burton Albion
51%
Rochdale
51%
Barnet
47%
Shrewsbury Town
47%
No matching quizzes found
Score Distribution
Percent of People with Each Score
Percentile by Number Answered
Your Score History
You have not taken this quiz since the last reset